Normal view
MARC view
Entry Personal Name
001 - CONTROL NUMBER
- control field: 12787
003 - CONTROL NUMBER IDENTIFIER
- control field: BD-RjUL
005 - DATE AND TIME OF LATEST TRANSACTION
- control field: 20240430125000.0
008 - FIXED-LENGTH DATA ELEMENTS
- fixed length control field: 240430|| aca||aabn | a|a d
040 ## - CATALOGING SOURCE
- Original cataloging agency: BD-RjUL
- Transcribing agency: BD-RjUL
100 ## - HEADING--PERSONAL NAME
- Personal name: Begum, Syeda Salma
670 ## - SOURCE DATA FOUND
- Source citation: Work cat.: (BD-RjUL)83621: Begum, Syeda Salma, An Investigation on the Diversity of Hydrophytes in some Selected Locations of High Barind Tract /, 2009